[Event "XLIII Festival A"]
[Site "Imperia ITA"]
[Date "2001.09.06"]
[Round "6"]
[White "Barberi, Alessandro"]
[Black "Krouzel, Jaroslav"]
[WhiteElo "2140"]
[BlackElo "2215"]
[Result "0-1"]
[PlyCount "54"]
[EventDate "2001.09.02"]

1. d4 f5 2. Nc3 Nf6 3. Bg5 d5 4. f3 c6 5. e4 fxe4 6. fxe4 dxe4 7. Bc4 Qa5 8.
Qd2 Nbd7 9. Nge2 b5 10. Bb3 b4 11. Nd1 Ba6 12. Ng3 Rd8 13. Qf4 Qb6 14. Nxe4
Qxd4 15. Ndf2 Qe5 16. Qf3 Nc5 17. Bf4 Qxb2 18. Nxf6+ Qxf6 19. Rd1 Rxd1+ 20.
Kxd1 g6 21. Ng4 Qa1+ 22. Bc1 Qd4+ 23. Bd2 Nxb3 24. axb3 Bb7 25. Rf1 h5 26. Qf7+
Kd8 27. Rf4 Qa1+ 0-1

[Event "XLIII Festival A"]
[Site "Imperia ITA"]
[Date "2001.09.06"]
[Round "6"]
[White "Basso, Fabrice"]
[Black "Kantorik, Marian"]
[WhiteElo "2212"]
[BlackElo "2299"]
[Result "0-1"]
[PlyCount "79"]
[EventDate "2001.09.02"]

1. e4 Nf6 2. e5 Nd5 3. d4 d6 4. c4 Nb6 5. exd6 exd6 6. Nc3 Be7 7. Bd3 O-O 8.
Nge2 Bg4 9. Qc2 g6 10. h3 Bxe2 11. Nxe2 Nc6 12. a3 Bf6 13. Be3 d5 14. c5 Nc8
15. b4 a6 16. O-O N8e7 17. Rfb1 Qd7 18. b5 axb5 19. Rxb5 Nd8 20. Qb2 Nec6 21.
Rc1 Re8 22. Bb1 Ra7 23. Ba2 Ne7 24. Bb1 Rxa3 25. Qxa3 Qxb5 26. Bd3 Qd7 27. Qb3
Nf5 28. Bxf5 Qxf5 29. Nc3 c6 30. Ne2 Bg5 31. Bxg5 Qxg5 32. Rc2 Re7 33. Qb6 Ne6
34. Qa7 Kg7 35. Qb8 Qf5 36. Rb2 Qe4 37. Rxb7 Rxb7 38. Qxb7 Qxe2 39. Qxc6 Qd1+
40. Kh2 0-1

[Event "XLIII Festival A"]
[Site "Imperia ITA"]
[Date "2001.09.06"]
[Round "6"]
[White "Biolek, Richard sr"]
[Black "Svec, Juraj"]
[WhiteElo "2434"]
[BlackElo "2235"]
[Result "1-0"]
[PlyCount "83"]
[EventDate "2001.09.02"]

1. b3 e5 2. Bb2 Nc6 3. e3 f5 4. d4 exd4 5. exd4 d5 6. Nf3 Nf6 7. Bd3 Bd6 8. O-O
O-O 9. Re1 Re8 10. Nbd2 Ne4 11. c4 Nb4 12. Bf1 c6 13. a3 Na6 14. cxd5 cxd5 15.
Ne5 Qb6 16. Nxe4 fxe4 17. Re3 Be6 18. Rg3 Rf8 19. Qd2 Rf5 20. Bxa6 bxa6 21. Rf1
Rc8 22. Qh6 Bxe5 23. dxe5 Rf7 24. Bd4 Qc6 25. h4 Rfc7 26. h5 Qd7 27. Qg5 Qe7
28. Qf6 Kh8 29. Qxe7 Rxe7 30. f4 exf3 31. Rfxf3 h6 32. Rg6 Rce8 33. g4 Rc8 34.
Kf2 Kh7 35. Kg3 Rce8 36. Rc3 Rc8 37. Rxc8 Bxc8 38. Rc6 Bb7 39. Rd6 Bc8 40. Rxd5
Bb7 41. Rd6 Rf7 42. e6 1-0

[Event "XLIII Festival A"]
[Site "Imperia ITA"]
[Date "2001.09.06"]
[Round "6"]
[White "Faraci, Antonino"]
[Black "Popa, Claudiu"]
[WhiteElo "2115"]
[BlackElo "2057"]
[Result "1/2-1/2"]
[PlyCount "27"]
[EventDate "2001.09.02"]

1. e4 e5 2. Nf3 Nc6 3. Bb5 a6 4. Bxc6 dxc6 5. d3 Bd6 6. Nbd2 Ne7 7. Nf1 f6 8.
Be3 c5 9. Qd2 Be6 10. a3 Qd7 11. Ng3 Nc6 12. Ne2 Nd4 13. Nfg1 Bf7 14. f3
1/2-1/2

[Event "XLIII Festival A"]
[Site "Imperia ITA"]
[Date "2001.09.06"]
[Round "6"]
[White "Pernigotti, Carlo"]
[Black "Ianniello, Riccardo"]
[WhiteElo "2156"]
[BlackElo "2309"]
[Result "1-0"]
[PlyCount "81"]
[EventDate "2001.09.02"]

1. e4 e6 2. d4 d5 3. Nd2 Nf6 4. e5 Nfd7 5. Bd3 c5 6. c3 Nc6 7. Ne2 Qb6 8. Nf3
cxd4 9. cxd4 Bb4+ 10. Kf1 Be7 11. h4 Nf8 12. a3 Bd7 13. b4 a6 14. Bg5 h6 15.
Bxe7 Nxe7 16. Nc3 h5 17. g3 g6 18. Kg2 Nh7 19. Qd2 Kf8 20. Qf4 Kg7 21. g4 hxg4
22. Qxg4 Rag8 23. Rac1 Qd8 24. Ne2 Nf5 25. Ng3 Kf8 26. Rc5 Ke8 27. Qf4 Ke7 28.
b5 b6 29. Rc2 a5 30. a4 Qb8 31. Rhc1 Rc8 32. h5 Rcg8 33. hxg6 Rxg6 34. Rc7 Kd8
35. Bxf5 exf5 36. e6 Rxe6 37. Ne5 Be8 38. Rxf7 Qd6 39. Nxf5 Rg8+ 40. Kf1 Qa3
41. Nc6+ 1-0

[Event "XLIII Festival A"]
[Site "Imperia ITA"]
[Date "2001.09.06"]
[Round "6"]
[White "Riccio, Eros"]
[Black "Pesco, Giuseppe"]
[WhiteElo "2194"]
[BlackElo "1941"]
[Result "1-0"]
[PlyCount "87"]
[EventDate "2001.09.02"]

1. e4 d6 2. d4 Nf6 3. Nc3 g6 4. Nge2 c6 5. g3 Bg7 6. Bg2 Nbd7 7. O-O O-O 8. h3
e5 9. Be3 Qc7 10. Qd2 Nb6 11. b3 Nbd7 12. a4 Re8 13. Rad1 a6 14. f4 Rb8 15. g4
b5 16. Ng3 b4 17. Nce2 exd4 18. Bxd4 c5 19. Bxf6 Nxf6 20. Qxd6 Qxd6 21. Rxd6 c4
22. e5 Nxg4 23. hxg4 Bxg4 24. bxc4 Rbc8 25. Bd5 a5 26. Nc1 Re7 27. Ne4 Bf5 28.
Ra6 Bxe4 29. Bxe4 Rxc4 30. Ra8+ Bf8 31. Bd3 Rcc7 32. Rxa5 Red7 33. Nb3 Rc3 34.
Rf3 Rcc7 35. Kf2 Kg7 36. Ra8 Be7 37. Kg3 Bf8 38. a5 Re7 39. Rb8 Red7 40. a6 Be7
41. Be4 Ra7 42. Rb7 Bd8 43. Rxd7 Rxd7 44. Rd3 1-0

[Event "XLIII Festival A"]
[Site "Imperia ITA"]
[Date "2001.09.06"]
[Round "6"]
[White "Semeria, Marco"]
[Black "Scotti, Umberto"]
[WhiteElo "2078"]
[BlackElo "2162"]
[Result "0-1"]
[PlyCount "50"]
[EventDate "2001.09.02"]

1. e4 e6 2. d4 d5 3. Nd2 c5 4. exd5 Qxd5 5. Ngf3 cxd4 6. Bc4 Qd6 7. O-O Nf6 8.
Nb3 Nc6 9. Nbxd4 Nxd4 10. Nxd4 a6 11. Be3 Be7 12. Qf3 O-O 13. Rad1 Qc7 14. Bd3
Bd7 15. Rfe1 Rad8 16. Bf4 Qb6 17. Nf5 exf5 18. Rxe7 Be6 19. Qg3 Nh5 20. Bc7 Qc5
21. Qh4 Rd4 22. Bb6 Qd5 23. Qh3 Rg4 24. f3 Nf4 25. Qxg4 fxg4 0-1

[Event "XLIII Festival A"]
[Site "Imperia ITA"]
[Date "2001.09.06"]
[Round "6"]
[White "Stoppa, Omar"]
[Black "Papan, Cyril"]
[WhiteElo "2218"]
[BlackElo "2165"]
[Result "1-0"]
[PlyCount "81"]
[EventDate "2001.09.02"]

1. e4 d5 2. exd5 Nf6 3. Nf3 Nxd5 4. Bc4 e6 5. d4 Be7 6. c3 O-O 7. h4 c5 8. Bd3
f5 9. dxc5 Bxc5 10. b4 Nxc3 11. Nxc3 Bxb4 12. Bb2 Nc6 13. O-O Qa5 14. Qb3 Kh8
15. Bb5 Ne7 16. Rfd1 Ng8 17. Ne5 Be7 18. Ne2 Bf6 19. Rac1 a6 20. Nd7 Bxb2 21.
Qxb2 Bxd7 22. Bxd7 e5 23. Be6 Nf6 24. Bxf5 e4 25. Ng3 Rfe8 26. Re1 Rad8 27.
Rcd1 Rd5 28. Bh3 Rb5 29. Qd2 Qa4 30. Qd6 Rg8 31. Bd7 Nxd7 32. Qxd7 Qxa2 33.
Rxe4 Rf8 34. Qd4 Rb1 35. Rxb1 Qxb1+ 36. Kh2 Qc2 37. h5 Qc6 38. Re7 Qf6 39. Qxf6
gxf6 40. Rxb7 Ra8 41. Ne4 1-0

[Event "XLIII Festival A"]
[Site "Imperia ITA"]
[Date "2001.09.07"]
[Round "7"]
[White "Chatalbashev, Boris"]
[Black "Likavsky, Tomas"]
[WhiteElo "2496"]
[BlackElo "2410"]
[Result "0-1"]
[PlyCount "118"]
[EventDate "2001.09.02"]

1. d4 e6 2. c4 b6 3. a3 g6 4. Nc3 Bg7 5. e4 Ne7 6. Nf3 d6 7. h4 h6 8. Be3 Nd7
9. d5 Bxc3+ 10. bxc3 e5 11. Bd3 Ng8 12. Qd2 Kf8 13. Nd4 exd4 14. cxd4 h5 15.
O-O Kg7 16. Rae1 Nf8 17. e5 Nh7 18. Bf4 Ne7 19. exd6 cxd6 20. Bh6+ Kg8 21. Qe3
Bf5 22. Be2 Bd7 23. Bd3 Nf5 24. Bxf5 Bxf5 25. c5 bxc5 26. dxc5 dxc5 27. Qxc5
Nf8 28. Bg5 f6 29. Bf4 Qb6 30. Qc3 Rc8 31. Qd2 Rh7 32. d6 Rf7 33. Re7 Rxe7 34.
dxe7 Nd7 35. Re1 Kf7 36. Bd6 Re8 37. Bb4 Kg7 38. Qd5 Qc7 39. Ba5 Qf4 40. g3 Qa4
41. Bb4 a6 42. Bd6 Qb5 43. Qd4 Qd3 44. Qf4 Qd5 45. Kh2 Nc5 46. Re2 a5 47. Rd2
Nd3 48. Qa4 Kf7 49. Bc7 Rxe7 50. Qxa5 Qb7 51. Bd6 Qf3 52. Qd8 Re8 53. Qc7+ Ke6
54. Bb4 Be4 55. Qd6+ Kf5 56. g4+ hxg4 57. Qd7+ Re6 58. Qb5+ Ne5 59. Qf1 g3+ 0-1

[Event "XLIII Festival A"]
[Site "Imperia ITA"]
[Date "2001.09.07"]
[Round "7"]
[White "Kantorik, Marian"]
[Black "Tabernig, Bernhard"]
[WhiteElo "2299"]
[BlackElo "2325"]
[Result "0-1"]
[PlyCount "46"]
[EventDate "2001.09.02"]

1. d4 d5 2. c4 e6 3. Nc3 c6 4. e4 Bb4 5. e5 c5 6. a3 Bxc3+ 7. bxc3 Ne7 8. Nf3
cxd4 9. cxd4 Nbc6 10. cxd5 Qxd5 11. Bd3 b6 12. O-O Bb7 13. Bb2 Na5 14. Re1 Rc8
15. Rc1 O-O 16. Be4 Qb5 17. Bxh7+ Kxh7 18. Ng5+ Kg8 19. Qh5 Qd3 20. Rxc8 Bxc8
21. Bc1 Nc4 22. g4 Qg6 23. Qh4 Re8 0-1

[Event "XLIII Festival A"]
[Site "Imperia ITA"]
[Date "2001.09.07"]
[Round "7"]
[White "Mozny, Milos"]
[Black "Jirovsky, Milos"]
[WhiteElo "2385"]
[BlackElo "2450"]
[Result "1/2-1/2"]
[PlyCount "23"]
[EventDate "2001.09.02"]

1. d4 e6 2. Nf3 b6 3. g3 Bb7 4. Bg2 f5 5. O-O Nf6 6. c4 g6 7. Nc3 Bg7 8. b3 O-O
9. Bb2 d6 10. e3 Qe7 11. Qc2 Nbd7 12. Rad1 1/2-1/2

[Event "XLIII Festival A"]
[Site "Imperia ITA"]
[Date "2001.09.07"]
[Round "7"]
[White "Voltolini, Giuseppe"]
[Black "Drazic, Sinisa"]
[WhiteElo "2266"]
[BlackElo "2480"]
[Result "1/2-1/2"]
[PlyCount "121"]
[EventDate "2001.09.02"]

1. d4 g6 2. c4 Bg7 3. Nc3 d6 4. e4 e5 5. dxe5 dxe5 6. Qxd8+ Kxd8 7. Bg5+ f6 8.
O-O-O+ Nd7 9. Be3 c6 10. f4 exf4 11. Bxf4 Bh6 12. g3 Ke7 13. Nf3 Ne5 14. Be2
Be6 15. b3 Nxf3 16. Bxf3 Bxf4+ 17. gxf4 Nh6 18. Rde1 Rad8 19. Kc2 Rd4 20. Rhg1
Rhd8 21. Re2 Kf7 22. Rg3 Rd3 23. f5 Bc8 24. Reg2 Nxf5 25. exf5 Bxf5 26. Kb2 h5
27. Be2 Rd2+ 28. Ka3 Rc2 29. Rg1 h4 30. Rf3 Rd6 31. c5 Rd4 32. h3 b5 33. cxb6
axb6 34. b4 b5 35. Re1 c5 36. Nxb5 Be6 37. Rb3 cxb4+ 38. Ka4 Rxa2+ 39. Ra3
bxa3+ 40. Nxd4 Bd5 41. Kb4 Rd2 42. Kc5 Bg2 43. Bc4+ Kg7 44. Re3 a2 45. Ra3 Bxh3
46. Bxa2 Bg2 47. Bd5 h3 48. Bxg2 hxg2 49. Rg3 Kh6 50. Kd5 Kh5 51. Ke4 f5+ 52.
Ke3 f4+ 53. Kxd2 fxg3 54. Nf3 Kg4 55. Ng1 Kf4 56. Kd3 g5 57. Kd4 g4 58. Kd3 Ke5
59. Ke3 Kf5 60. Kd4 Kf4 61. Kd3 1/2-1/2

[Event "XLIII Festival A"]
[Site "Imperia ITA"]
[Date "2001.09.08"]
[Round "8"]
[White "Drazic, Sinisa"]
[Black "Chatalbashev, Boris"]
[WhiteElo "2480"]
[BlackElo "2496"]
[Result "1/2-1/2"]
[PlyCount "106"]
[EventDate "2001.09.02"]

1. Nf3 g6 2. e4 Bg7 3. d4 c5 4. dxc5 Qa5+ 5. c3 Qxc5 6. Na3 d6 7. Be3 Qa5 8.
Qb3 Nf6 9. e5 dxe5 10. Nc4 Qc7 11. Nb6 axb6 12. Bxb6 Be6 13. Qxe6 Qxc3+ 14.
bxc3 fxe6 15. Bb5+ Nc6 16. Ng5 Nd5 17. Be3 Nxc3 18. Bc4 b5 19. Bb3 Nd4 20. Bxd4
exd4 21. Nxe6 Be5 22. f4 Bd6 23. g3 Kd7 24. Rf1 Bb4 25. Nxd4 Ra6 26. Rf3 Nxa2+
27. Kf1 Rha8 28. Bd5 Nc3 29. Bc6+ Kd6 30. Rxa6 Rxa6 31. Be8 Kc5 32. Nb3+ Kb6
33. f5 Ra8 34. Bf7 Rf8 35. fxg6 hxg6 36. Nd4 Ne4 37. Ne6 Nd2+ 38. Kg2 Nxf3 39.
Nxf8 Ne5 40. Be8 g5 41. Nd7+ Nxd7 42. Bxd7 Bc3 43. Kf3 Bf6 44. Kg4 b4 45. Be6
Kc5 46. h4 Kd6 47. Ba2 gxh4 48. gxh4 Ke5 49. h5 Ke4 50. Be6 Ke5 51. Ba2 Bh8 52.
Kg5 Kd4 53. Be6 Ke5 1/2-1/2

[Event "XLIII Festival A"]
[Site "Imperia ITA"]
[Date "2001.09.08"]
[Round "8"]
[White "Likavsky, Tomas"]
[Black "Sulava, Nenad"]
[WhiteElo "2410"]
[BlackElo "2531"]
[Result "1/2-1/2"]
[PlyCount "71"]
[EventDate "2001.09.02"]

1. d4 Nf6 2. Nf3 e6 3. c4 Nc6 4. a3 d6 5. Nc3 g6 6. e4 Bg7 7. Be2 O-O 8. O-O
Re8 9. d5 Nb8 10. Qc2 Na6 11. Be3 exd5 12. cxd5 Nc5 13. Bb5 Re7 14. Nd2 Ng4 15.
Bg5 f6 16. Bh4 g5 17. Bg3 h5 18. h4 Nd7 19. Be2 Nf8 20. Nf3 Bh6 21. Nb5 a6 22.
Nbd4 Qe8 23. Rae1 Ne5 24. Nxe5 fxe5 25. hxg5 Bxg5 26. Nf3 Bh6 27. Nh4 Nh7 28.
f4 Rg7 29. Qc3 exf4 30. Bxf4 Ng5 31. Nf5 Bxf5 32. exf5 Ne4 33. Qe3 Bxf4 34.
Qxf4 Nf6 35. Bxa6 Qf7 36. Be2 1/2-1/2

[Event "XLIII Festival A"]
[Site "Imperia ITA"]
[Date "2001.09.08"]
[Round "8"]
[White "Mozny, Milos"]
[Black "Vrana, Frantisek"]
[WhiteElo "2385"]
[BlackElo "2312"]
[Result "1/2-1/2"]
[PlyCount "23"]
[EventDate "2001.09.02"]

1. d4 Nf6 2. Nf3 g6 3. g3 Bg7 4. Bg2 O-O 5. O-O d6 6. c4 Nc6 7. Nc3 a6 8. h3
Rb8 9. b3 b5 10. cxb5 axb5 11. Bb2 b4 12. Na4 1/2-1/2

[Event "XLIII Festival A"]
[Site "Imperia ITA"]
[Date "2001.09.08"]
[Round "8"]
[White "Payen, Arnaud"]
[Black "Voltolini, Giuseppe"]
[WhiteElo "2353"]
[BlackElo "2266"]
[Result "1-0"]
[PlyCount "37"]
[EventDate "2001.09.02"]

1. e4 c5 2. Nf3 Nc6 3. Bb5 g6 4. O-O Bg7 5. Nc3 Nd4 6. Ba4 e6 7. Nxd4 cxd4 8.
Nb5 Qb6 9. c3 e5 10. cxd4 a6 11. Nc3 exd4 12. Nd5 Qd8 13. d3 Nf6 14. Bg5 h6 15.
e5 hxg5 16. exf6 Bxf6 17. Qf3 Bg7 18. Rfe1+ Kf8 19. Re7 1-0

[Event "XLIII Festival A"]
[Site "Imperia ITA"]
[Date "2001.09.08"]
[Round "8"]
[White "Pernigotti, Carlo"]
[Black "Stoppa, Omar"]
[WhiteElo "2156"]
[BlackElo "2218"]
[Result "1-0"]
[PlyCount "125"]
[EventDate "2001.09.02"]

1. e4 c6 2. d4 d5 3. Nd2 dxe4 4. Nxe4 Bf5 5. Ng3 Bg6 6. h4 h6 7. Nf3 Nd7 8. h5
Bh7 9. Bd3 Bxd3 10. Qxd3 Ngf6 11. Bd2 e6 12. O-O-O Bd6 13. Ne4 Nxe4 14. Qxe4
Nf6 15. Qe2 Qc7 16. c4 Bf4 17. Ne5 Bxd2+ 18. Rxd2 O-O-O 19. Rhd1 Rhf8 20. f4
Kb8 21. g3 Qa5 22. a3 Nd7 23. Kb1 Nxe5 24. fxe5 Qa4 25. Rc1 Rd7 26. Qg4 Rg8 27.
Rd3 c5 28. Qe4 cxd4 29. Rxd4 Rxd4 30. Qxd4 Qc6 31. Rf1 Qc7 32. Qd6 Qxd6 33.
exd6 Rf8 34. c5 Kc8 35. b4 a6 36. Kc2 Kd7 37. Kc3 e5 38. Kc4 Kc6 39. a4 b5+ 40.
cxb6 Kxd6 41. b5 a5 42. Rd1+ Ke6 43. b7 Rb8 44. Kc5 Rxb7 45. Kc6 Rb8 46. Kc7
Re8 47. b6 e4 48. b7 e3 49. b8=Q Rxb8 50. Kxb8 Ke5 51. Kb7 Ke4 52. Rd7 f5 53.
Rxg7 e2 54. Re7+ Kd3 55. Kb6 Kd2 56. Kxa5 e1=Q 57. Rxe1 Kxe1 58. Kb4 Kf2 59. a5
Kxg3 60. a6 f4 61. a7 f3 62. a8=Q Kf2 63. Qe4 1-0

[Event "XLIII Festival A"]
[Site "Imperia ITA"]
[Date "2001.09.09"]
[Round "9"]
[White "Chatalbashev, Boris"]
[Black "Biolek, Richard sr"]
[WhiteElo "2496"]
[BlackElo "2434"]
[Result "1-0"]
[PlyCount "73"]
[EventDate "2001.09.02"]

1. d4 d5 2. c4 c6 3. Nc3 Nf6 4. e3 g6 5. Nf3 Bg7 6. cxd5 cxd5 7. Bb5+ Bd7 8.
Qb3 Bxb5 9. Qxb5+ Qd7 10. Ne5 Qxb5 11. Nxb5 Na6 12. b3 Ne4 13. Ba3 f6 14. Nd3
Kd7 15. f3 Ng5 16. Rc1 Rhc8 17. Rxc8 Rxc8 18. Kd2 Ne6 19. Rc1 Ra8 20. g4 Bf8
21. h4 b6 22. g5 Nac7 23. Nxc7 Nxc7 24. Nf4 Nb5 25. Bb2 Nc7 26. Ba3 Nb5 27. Bb4
e5 28. Nxd5 Bxb4+ 29. Nxb4 exd4 30. Nd5 fxg5 31. hxg5 Ke6 32. e4 Rf8 33. Rc6+
Ke5 34. Nf6 Rf7 35. Kd3 h5 36. Nd7+ Rxd7 37. Rf6 1-0

[Event "XLIII Festival A"]
[Site "Imperia ITA"]
[Date "2001.09.09"]
[Round "9"]
[White "De Santis, Alessio"]
[Black "Drazic, Sinisa"]
[WhiteElo "2353"]
[BlackElo "2480"]
[Result "1/2-1/2"]
[PlyCount "86"]
[EventDate "2001.09.02"]

1. d4 c5 2. d5 e5 3. e4 d6 4. c4 Be7 5. Nc3 Bg5 6. Bxg5 Qxg5 7. Qd2 h6 8. Nge2
Qxd2+ 9. Kxd2 Nf6 10. f3 Na6 11. a3 Bd7 12. Nc1 Nh5 13. g3 g6 14. Be2 Ng7 15.
Nd3 Ke7 16. f4 f6 17. Rhf1 b6 18. Rf2 Rhf8 19. Raf1 Bh3 20. Rg1 Bd7 21. Rgf1
Rae8 22. b4 Bh3 23. Rb1 Bd7 24. Rbf1 Bh3 25. Rb1 Bd7 26. Rbf1 h5 27. fxe5 fxe5
28. Rxf8 Rxf8 29. Rxf8 Kxf8 30. Bd1 Ne8 31. Ba4 Bxa4 32. Nxa4 Nf6 33. Nc3 Ke7
34. h3 Kd7 35. Ke3 Nc7 36. bxc5 bxc5 37. Ne1 Nh7 38. Nf3 a6 39. Nh4 Ng5 40.
Nxg6 Nxh3 41. Nh4 Ng5 42. Nf5 Ne8 43. Nd1 Nf6 1/2-1/2

[Event "XLIII Festival A"]
[Site "Imperia ITA"]
[Date "2001.09.09"]
[Round "9"]
[White "Jurek, Josef"]
[Black "Mozny, Milos"]
[WhiteElo "2329"]
[BlackElo "2385"]
[Result "1/2-1/2"]
[PlyCount "24"]
[EventDate "2001.09.02"]

1. d4 d5 2. c4 e6 3. Nc3 Nf6 4. Bg5 Be7 5. e3 O-O 6. Nf3 Nbd7 7. Rc1 c6 8. Bd3
dxc4 9. Bxc4 Nd5 10. Bxe7 Qxe7 11. O-O Nxc3 12. Rxc3 b6 1/2-1/2

[Event "XLIII Festival A"]
[Site "Imperia ITA"]
[Date "2001.09.09"]
[Round "9"]
[White "Luciani, Carlo"]
[Black "Wagman, Stuart"]
[WhiteElo "2217"]
[BlackElo "2140"]
[Result "1-0"]
[PlyCount "75"]
[EventDate "2001.09.02"]

1. e4 e5 2. Nf3 Nc6 3. Bc4 Nf6 4. d3 Bc5 5. c3 d6 6. b4 Bb6 7. Qb3 O-O 8. Bg5
Qe7 9. Nbd2 a5 10. b5 Nd8 11. O-O Ne6 12. Be3 Bxe3 13. fxe3 Nc5 14. Qc2 c6 15.
bxc6 bxc6 16. Rae1 d5 17. exd5 cxd5 18. Bb5 Rb8 19. a4 Bd7 20. d4 Bxb5 21. axb5
e4 22. Ne5 Rxb5 23. c4 Rb7 24. cxd5 Nd3 25. Nxd3 exd3 26. Qxd3 Nxd5 27. e4 Nb4
28. Qb3 Rc8 29. Nc4 Nc6 30. Qd3 Nb4 31. Qe2 Nc6 32. Qf2 Qb4 33. Rc1 Rcb8 34. d5
Nd8 35. e5 a4 36. Nd6 Qb6 37. Nxb7 Qxf2+ 38. Kxf2 1-0

[Event "XLIII Festival A"]
[Site "Imperia ITA"]
[Date "2001.09.09"]
[Round "9"]
[White "Payen, Arnaud"]
[Black "Likavsky, Tomas"]
[WhiteElo "2353"]
[BlackElo "2410"]
[Result "1/2-1/2"]
[PlyCount "86"]
[EventDate "2001.09.02"]

1. e4 c5 2. Nf3 e6 3. b3 Nc6 4. Bb2 d5 5. exd5 exd5 6. Bb5 Qe7+ 7. Be2 Qc7 8.
d4 Nf6 9. dxc5 Bxc5 10. Bxf6 gxf6 11. Qxd5 Qb6 12. O-O Be6 13. Qd2 Rd8 14. Qh6
Nd4 15. Nxd4 Bxd4 16. c3 Be5 17. Nd2 Bxc3 18. Rad1 Qb4 19. Nf3 Rxd1 20. Rxd1
Ke7 21. Qe3 Rd8 22. Rxd8 Kxd8 23. Qxa7 Bb2 24. Qe3 Kc7 25. Qd3 f5 26. Ng5 Bd4
27. Nxe6+ fxe6 28. Qc4+ Qxc4 29. Bxc4 Kd6 30. Kf1 e5 31. f3 f4 32. g4 fxg3 33.
hxg3 h6 34. Ke2 b6 35. Kf1 Bc3 36. Kg2 Ke7 37. Kh3 Kf6 38. Kg4 Be1 39. a3 Bd2
40. b4 Bc1 41. a4 Bd2 42. b5 Be1 43. Bd5 Bd2 1/2-1/2

[Event "XLIII Festival A"]
[Site "Imperia ITA"]
[Date "2001.09.09"]
[Round "9"]
[White "Spinelli, Doriano"]
[Black "Faraci, Antonino"]
[WhiteElo "2170"]
[BlackElo "2115"]
[Result "1-0"]
[PlyCount "77"]
[EventDate "2001.09.02"]

1. e4 e5 2. Nf3 Nf6 3. Nxe5 d6 4. Nf3 Nxe4 5. Qe2 Qe7 6. d3 Nf6 7. Bg5 Qxe2+ 8.
Bxe2 Be7 9. Nc3 c6 10. O-O-O d5 11. Rhe1 O-O 12. d4 Nbd7 13. a3 Bd6 14. Bd3 b5
15. Ne5 Bb7 16. Bf5 Nb6 17. h4 Ne8 18. h5 a5 19. h6 g6 20. Nd7 Nxd7 21. Bxd7 b4
22. Nb1 f6 23. Be3 bxa3 24. bxa3 Nc7 25. a4 Kf7 26. Bh3 Rfb8 27. Nd2 Ba6 28.
Nb3 Bc4 29. Nc5 f5 30. Bg5 Bxc5 31. dxc5 Re8 32. Bf4 Rxe1 33. Rxe1 Ne6 34. Bd6
Ra7 35. f4 Rb7 36. g4 Nd4 37. gxf5 Nxf5 38. Bxf5 gxf5 39. Rg1 1-0

[Event "XLIII Festival A"]
[Site "Imperia ITA"]
[Date "2001.09.09"]
[Round "9"]
[White "Voltolini, Giuseppe"]
[Black "Ianniello, Riccardo"]
[WhiteElo "2266"]
[BlackElo "2309"]
[Result "0-1"]
[PlyCount "64"]
[EventDate "2001.09.02"]

1. d4 e6 2. c4 c5 3. d5 Nf6 4. Nc3 exd5 5. cxd5 d6 6. e4 Be7 7. h3 O-O 8. Nf3
Ne8 9. Bc4 Nd7 10. a4 Ne5 11. Be2 Nxf3+ 12. Bxf3 Bg5 13. O-O Bxc1 14. Rxc1 f5
15. exf5 Bxf5 16. g4 Bd7 17. Bg2 h5 18. Ne4 hxg4 19. hxg4 Nf6 20. Nxd6 Nxg4 21.
Rc3 Qc7 22. f3 Qxd6 23. fxg4 Rxf1+ 24. Qxf1 Rf8 25. Qe2 b6 26. b3 Re8 27. Qf3
Qe5 28. Rd3 Qe1+ 29. Bf1 Re4 30. d6 Rxg4+ 31. Kh2 Qe5+ 32. Kh1 Rh4+ 0-1

[Event "XLIII Festival A"]
[Site "Imperia ITA"]
[Date "2001.09.09"]
[Round "9"]
[White "Vrana, Frantisek"]
[Black "Jirovsky, Milos"]
[WhiteElo "2312"]
[BlackElo "2450"]
[Result "0-1"]
[PlyCount "52"]
[EventDate "2001.09.02"]

1. e4 c5 2. Nf3 Nc6 3. g3 g6 4. d4 cxd4 5. Nxd4 Bg7 6. Ne2 b5 7. Nbc3 a6 8. Bg2
Bb7 9. a4 b4 10. Nd5 e6 11. Ne3 Nge7 12. Nf4 a5 13. Nc4 O-O 14. Nd6 Ba6 15. Nd3
Qb8 16. Nc5 Bd4 17. Nxd7 Qxd6 18. Nxf8 Rxf8 19. Be3 Rc8 20. Bf1 Bxf1 21. Kxf1
Qe5 22. Qf3 Bxb2 23. Bf4 Qc5 24. Rd1 Nd4 25. Qg4 Qxc2 26. Bg5 h5 0-1

[Event "XXVIII C.to Italiano femminile"]
[Site "Imperia ITA"]
[Date "2001.09.02"]
[Round "1"]
[White "Capuano, Francesca"]
[Black "Ceccaroni, Penny"]
[Result "1-0"]
[WhiteElo "2010"]
[BlackElo "1464"]
[PlyCount "75"]
[EventDate "2001.09.02"]

1. d4 d5 2. Nf3 e6 3. Bf4 Nd7 4. e3 c6 5. Bd3 Bb4+ 6. c3 Ba5 7. Nbd2 Ngf6 8. h3
O-O 9. Qc2 b5 10. Ne5 Qe7 11. Nxc6 Qe8 12. Nxa5 Qd8 13. Nc6 Qe8 14. Bd6 Bb7 15.
Ne5 a6 16. Bxf8 Nxf8 17. O-O Qd8 18. Nb3 Qc7 19. Nc5 Bc8 20. Rfe1 Qa5 21. b4
Qc7 22. a4 bxa4 23. Rxa4 Qb6 24. Rea1 Ra7 25. Bxa6 Bxa6 26. Rxa6 Rxa6 27. Rxa6
Qb5 28. Qd3 Qxd3 29. Ncxd3 g6 30. f3 h5 31. Nc5 Ne8 32. Ra8 Nc7 33. Rc8 Nb5 34.
Ncd7 Na7 35. Rxf8+ Kg7 36. Rxf7+ Kh6 37. h4 Nb5 38. Nf8 1-0

[Event "XXVIII C.to Italiano femminile"]
[Site "Imperia ITA"]
[Date "2001.09.02"]
[Round "1"]
[White "Clappa, Ilaria"]
[Black "Vittimberga, Valeria"]
[Result "1-0"]
[WhiteElo "1558"]
[BlackElo "1395"]
[PlyCount "111"]
[EventDate "2001.09.02"]

1. d4 f5 2. c4 Nf6 3. Nf3 g6 4. Nc3 Bg7 5. Bg5 O-O 6. e3 d6 7. Be2 c6 8. O-O
Qe8 9. d5 e5 10. dxc6 Qxc6 11. Bxf6 Bxf6 12. Qd5+ Kg7 13. Rad1 Rd8 14. Nb5 e4
15. Nfd4 Qxd5 16. cxd5 Na6 17. Rc1 Be7 18. Nc7 Nxc7 19. Rxc7 Rd7 20. Rfc1 Rxc7
21. Rxc7 Kf7 22. Nb5 Ke8 23. Nxa7 Rxa7 24. Rxc8+ Bd8 25. Bb5+ Ke7 26. a4 b6 27.
Rc4 Kf6 28. f3 Rc7 29. Bc6 Re7 30. Kf2 Ra7 31. fxe4 Ke5 32. exf5 gxf5 33. Kf3
Ra5 34. b4 Ra7 35. e4 f4 36. Kg4 Rg7+ 37. Kf3 h5 38. Rc1 h4 39. Be8 Rg8 40. Bh5
Rg7 41. Rc8 Be7 42. Rb8 Rg5 43. Bg4 Rg6 44. Rxb6 Bd8 45. Rb8 Bc7 46. Re8+ Kd4
47. Kxf4 Kc4 48. b5 Rf6+ 49. Bf5 Kb4 50. Ra8 Ba5 51. e5 dxe5+ 52. Kxe5 Rf7 53.
d6 Kxa4 54. d7 Kxb5 55. Rxa5+ Kxa5 56. d8=Q+ 1-0

[Event "XXVIII C.to Italiano femminile"]
[Site "Imperia ITA"]
[Date "2001.09.02"]
[Round "1"]
[White "Cucoch, Marisa"]
[Black "Decataldo, Alba"]
[Result "1/2-1/2"]
[WhiteElo "1404"]
[BlackElo "1887"]
[PlyCount "136"]
[EventDate "2001.09.02"]

1. d4 d5 2. c4 Nc6 3. Nf3 Bg4 4. Ne5 Nxe5 5. dxe5 e6 6. Qb3 Rb8 7. e3 d4 8. Bd3
Ne7 9. O-O Nc6 10. f3 Bh5 11. f4 Be7 12. a4 O-O 13. Na3 Nb4 14. Be4 Be2 15. Rf2
d3 16. Bd2 a5 17. Nb5 Bc5 18. Re1 Bg4 19. Nd4 Bxd4 20. Bxb4 Bxe3 21. Rxe3 axb4
22. Qxb4 Be2 23. Qd2 Qe7 24. Bxd3 Bxd3 25. Rxd3 Rfd8 26. Rff3 Qh4 27. g3 Qe7
28. b4 b6 29. Rxd8+ Rxd8 30. Rd3 Rxd3 31. Qxd3 h6 32. Qd2 Qe8 33. Qd1 Qc6 34.
Qd8+ Kh7 35. Qd3+ Kg8 36. a5 bxa5 37. bxa5 Qc5+ 38. Kg2 Qxa5 39. Kf3 Qa8+ 40.
Ke3 c5 41. Kd2 Qg2+ 42. Qe2 Qh3 43. Qf2 g5 44. fxg5 hxg5 45. Kc3 Qh7 46. Qf6
Qh5 47. h4 gxh4 48. gxh4 Kh7 49. Qf4 Kh8 50. Qe4 Kg7 51. Kb2 Qh6 52. Kb3 f5 53.
exf6+ Qxf6 54. Ka4 Qf5 55. Qb7+ Kh6 56. Qe7 Qc2+ 57. Kb5 Qb3+ 58. Kc6 Qa4+ 59.
Kb6 Qxc4 60. Qg5+ Kh7 61. Qe7+ Kg6 62. Qg5+ Kf7 63. h5 Qb4+ 64. Kc6 Qe4+ 65.
Kxc5 Qd5+ 66. Qxd5 exd5 67. Kxd5 Kf6 68. h6 Kg6 1/2-1/2